LEADER 00968cam0-2200313---450- 001 990004789310403321 005 20090122125023.0 035 $a000478931 035 $aFED01000478931 035 $a(Aleph)000478931FED01 035 $a000478931 100 $a19990604d1952----km-y0itay50------ba 101 0 $aeng 102 $aUS 105 $a----a---001yy 200 1 $aProse of the english renaissance$fselected from the early editions and manuscripts and edited by J. William Hebel, Hoyt H. Hudson, Francis R. Johnson... [et al.] 210 $aNew York$cAppleton-Century-Crofts$dc1952 215 $aXII, 882 p.$d22 cm 676 $a820.3 702 1$aHebel,$bJohn William 702 1$aHudson,$bHoyt H. 702 1$aJohnson,$bFrancis R. 801 0$aIT$bUNINA$c20070320$gRICA$2UNIMARC 901 $aBK 912 $a990004789310403321 952 $a820.3 HEB 1$fFLFBC 959 $aFLFBC 996 $aProse of the English Renaissance$970599 997 $aUNINA LEADER 00826nam0-2200265 --450 001 9911008695803321 005 20250617100054.0 010 $a978-88-491-5562-4 100 $a20250617d2018----kmuy0itay5050 ba 101 0 $aita 102 $aIT 105 $a 001yy 200 1 $aForme di dipendenza rurale nel Medioevo$eservi, coltivatori liberi e vassalli contadini nei secoli 9.-14.$fFrancesco Panero 210 $aBologna$cCLUEB$d2018 215 $a229 p.$d21 cm 225 1 $aBiblioteca di storia agraria medievale$v38 676 $a306.364$v23$zita 700 1$aPanero,$bFrancesco$0166967 801 0$aIT$bUNINA$gREICAT$2UNIMARC 901 $aBK 912 $a9911008695803321 952 $aV D 308$b2025/1028$fFGBC 959 $aFGBC 996 $aForme di dipendenza rurale nel Medioevo$94394594 997 $aUNINA